| 000 | 00649nab a2200205 a 4500 | ||
|---|---|---|---|
| 005 | 20210219160546.0 | ||
| 008 | 991125s1985 mx 000 0 spa u | ||
| 035 | _aUPN01000167988 | ||
| 100 | 1 | _aSosa Barrales, Maira Martha | |
| 222 | _aDESARROLLO ACADEMICO | ||
| 245 | _aLas lenguas en la educación indígena bilingüe-bicultural : una práctica de planeación educativa innovadora | ||
| 260 | _aMéxico | ||
| 300 | _a35-40 | ||
| 362 | 0 | _a2007 Año 15, nos. 40-41, ene.-ago. | |
| 653 | 0 | _aINDIGENAS | |
| 653 | 0 | _aEDUCACION BILINGÜE BICULTURAL | |
| 653 | 0 | _aEDUCACION PRIMARIA | |
| 653 | 0 | _aPLANEACION ESTRATEGICA | |
| 905 | _aArticulo | ||
| 999 |
_c140097 _d140097 |
||